100 plus grandes villes d'Europe sur une carte - Statistiques

Statistiques générales
  • Ce quiz a été pris 127 809 fois
  • Le résultat moyen est 50 sur 97
Réponses sur la Carte
Les réponses sont colorées sur une échelle allant du rouge au vert en fonction du pourcentage des utilisateurs qui les ont devinées à leur premier essai. Vous pouvez retrouver ces pourcentages ci-dessous.
 
Statistiques - réponses
Population Ville % Correct
11.4m Paris
100%
6.55m Madrid
98%
14.8m Londres
97%
1.66m Marseille
97%
3.58m Rome
96%
4.78m Barcelone
95%
4.73m Berlin
94%
2.48m Lisbonne
94%
1.98m Lyon
94%
17.3m Moscou
94%
1.08m Bordeaux
93%
946k Nice
91%
1.04m Toulouse
89%
2.70m Bruxelles
88%
1.39m Dublin
88%
6.20m Milan
87%
3.35m Athènes
86%
716k Nantes
86%
1.19m Oslo
84%
2.48m Amsterdam
83%
3.48m Kiev
83%
1.29m Lille
82%
1.54m Porto
82%
3.05m Manchester
81%
4.23m Naples
79%
16.0m Istanbul
78%
2.25m Vienne
78%
2.25m Munich
76%
2.38m Varsovie
76%
791k Genève
75%
2.63m Budapest
74%
1.30m Helsinki
74%
2.23m Stockholm
74%
2.20m Bucarest
73%
5.65m Saint-Pétersbourg
73%
1.64m Turin
72%
1.29m Séville
71%
1.88m Liverpool
70%
1.68m Copenhague
66%
1.44m Prague
66%
809k Zagreb
66%
1.84m Valence
65%
3.25m Rotterdam / La Haye
64%
935k Edimbourg
62%
1.30m Sofia
62%
1.43m Zurich
61%
2.00m Minsk
56%
1.01m Florence
55%
3.25m Francfort-sur-le-Main
55%
2.88m Hambourg
55%
911k Bilbao
51%
900k Palerme
50%
1.68m Glasgow
49%
1.42m Belgrade
48%
3.15m Birmingham
46%
819k Cracovie
45%
872k Tirana
45%
1.03m Málaga
42%
960k Cardiff
40%
1.22m Anvers
37%
771k Bâle
35%
2.40m Stuttgart
34%
2.18m Leeds
31%
1.48m Newcastle
29%
748k Leipzig
27%
1.44m Donetsk
26%
1.11m Odessa
25%
726k Saragosse
25%
806k Thessalonique
24%
1.00m Brême
23%
1.64m Kharkiv
22%
926k Bristol
21%
904k Gdańsk
21%
1.16m Southampton
21%
704k Catane
20%
1.20m Nuremberg
20%
834k Dresde
19%
708k Göteborg
19%
1.15m Hanovre
19%
712k Leicester
16%
1.38m Nottingham
16%
725k Lviv
15%
813k Aix-la-Chapelle
14%
1.57m Sheffield
14%
1.30m Rostov-sur-le-Don
12%
907k Sarrebruck
11%
995k Utrecht
11%
1.41m Volgograd
11%
829k Łódź
10%
1.58m Mannheim
10%
1.39m Dnipropetrovsk
9%
1.73m Nijni Novgorod
9%
915k Krasnodar
7%
712k Coventry
5%
739k Zaporijia
5%
935k Bielefeld
4%
1.06m Voronej
3%
Aucun quiz correspondant
Distribution des résultats
% des personnes avec chaque résultat
Percentile par nombre de réponses
Votre historique - résultats
Vous n’avez pas pris ce quiz